Loading...
| Literature - World | 0 | 3 | 0 | 0 | 30 | 34 | 74.33 | 1 | 1 | 11.47 | 17.28 |
| Science - Biology | 0 | 3 | 0 | 0 | 30 | 44 | 69.67 | 0 | 0 | 9.43 | 18.52 |
| Literature - American | 0 | 3 | 1 | 0 | 25 | 79 | 91.67 | 0 | 0 | 5.55 | 13.58 |
| Science - Chemistry | 0 | 2 | 0 | 0 | 20 | 80 | 93.00 | 1 | 1 | 2.05 | 14.81 |
| History - American | 0 | 2 | 0 | 0 | 20 | 44 | 53.00 | 0 | 1 | 10.30 | 12.35 |
| History - Other | 0 | 2 | 0 | 1 | 20 | 81 | 97.00 | 0 | 1 | 3.22 | 8.64 |
| Fine Arts - Classical Music | 0 | 1 | 0 | 0 | 10 | 126 | 126.00 | 0 | 0 | 0.58 | 1.23 |
| History - World | 0 | 1 | 0 | 0 | 10 | 62 | 62.00 | 0 | 0 | 4.08 | 6.17 |
| Literature - British | 0 | 1 | 0 | 0 | 10 | 83 | 83.00 | 0 | 1 | 3.02 | 9.88 |
| Mythology | 0 | 1 | 0 | 1 | 10 | 125 | 125.00 | 0 | 0 | 0.00 | 1.23 |
| Philosophy | 0 | 1 | 0 | 0 | 10 | 68 | 68.00 | 0 | 0 | 5.10 | 9.26 |
| Painting/Sculpture | 0 | 0 | 0 | 0 | 0 | 0.00 | 0 | 0 | 0.00 | 0.00 | |
| Literature - European | 0 | 0 | 1 | 0 | -5 | 0.00 | 0 | 0 | 0.00 | 0.00 |